Đạo đức 1

সংরক্ষণ করুন:
গ্রন্থ-পঞ্জীর বিবরন
অন্যান্য লেখক: Lê, Phương Trí, Trần, Hoàng Túy, Trần, Minh Hường, Đinh, Phương Duy (Tổng chủ biên), Trần, Thanh Bình (Chủ biên)
বিন্যাস: গ্রন্থ
ভাষা:Vietnamese
প্রকাশিত: Hà Nội Giáo dục 2020
মালা:Chân trời sáng tạo
বিষয়গুলি:
ট্যাগগুলো: ট্যাগ যুক্ত করুন
কোনো ট্যাগ নেই, প্রথমজন হিসাবে ট্যাগ করুন!
Thư viện lưu trữ: Trung tâm Học liệu Lê Vũ Hùng, Trường Đại học Đồng Tháp
LEADER 01056pam a22002658a 4500
001 00045756
005 20200901160903.0
008 110812s2002 ||||||viesd
020 # # |c 13000  |a 9786040195739 
041 0 # |a vie 
082 1 4 |a 372.83  |b Đ108Đ 
245 0 0 |a Đạo đức 1  |c Đinh Phương Duy (tổng chủ biên); Trần Thanh Bình (chủ biên); Trần Minh Hường,...[và những người khác] 
260 # # |c 2020  |a Hà Nội  |b Giáo dục 
300 # # |a 64 tr.  |b minh hoạ màu  |c 27 cm 
490 # # |a Chân trời sáng tạo 
653 # # |a Lớp 1 
653 # # |a Đạo đức 
653 # # |a Sách giáo khoa 
700 1 # |a Lê, Phương Trí 
700 1 # |a Trần, Hoàng Túy 
700 1 # |a Trần, Minh Hường 
700 1 # |a Đinh, Phương Duy  |e Tổng chủ biên 
700 1 # |a Trần, Thanh Bình  |e Chủ biên 
852 # # |j KD.0027432  |j KGT.0060355  |j KGT.0060358  |j KGT.0060356  |j KGT.0060357 
980 # # |a Trung tâm Học liệu Lê Vũ Hùng, Trường Đại học Đồng Tháp